Starcraft Campaigns - Statistics

General Stats
  • This quiz has been taken 6 times
    5 since last reset
  • The average score is 5 of 12
Answer Stats
Faction Campaign % Correct
Terran Wings of Liberty
100%
Protoss Legacy of the Void
80%
Zerg Heart of the Swarm
60%
Terran Nova Covert Ops
60%
Zerg Overmind
20%
Terran Rebel Yell
20%
All Starcraft: Insurrection
20%
All Starcraft: Retribution
20%
Protoss The Fall
20%
Terran The Iron Fist
20%
Zerg The Queen of Blades
20%
Protoss The Stand
20%
No matching quizzes found
Score Distribution
Percent of People with Each Score
Percentile by Number Answered
Your Score History
You have not taken this quiz since the last reset